| 000 | 00709nam a2200205 i 4500 | ||
|---|---|---|---|
| 001 | 109130 | ||
| 003 | ES-MaACL | ||
| 005 | 20231111062530.0 | ||
| 007 | t| | ||
| 008 | 061121s1903 sp |||| | spa d | ||
| 100 | 1 |
_aMudarra y Párraga, Prudencio. _984024 |
|
| 245 | 1 | 0 |
_aLecciones de literatura general y literatura española / _cPrudencio Mudarra y Párraga. |
| 260 |
_aMadrid : _bM.G. Hernández, _c1903. |
||
| 300 |
_a2 v. ; _c21 cm. |
||
| 505 | 8 |
_aContiene: I ; _tLiteratura general - II ; _tLiteratura española |
|
| 650 |
_aLiteratura- _xHistoria y crítica. _914489 |
||
| 650 | 4 |
_aLiteratura española- _xHistoria y crítica _914560 |
|
| 852 |
_aES-MaACL _jB-12462-63 |
||
| 999 |
_c109130 _d109130 |
||